Areál rodinného hospodárstva súčasnosti v regióne Orava

Salvato in:
Dettagli Bibliografici
Autore principale: Mihálková, Hana (Autore)
Altri autori: Bránický, Filip (Relatore della tesi)
Natura: Manoscritto Libro
Lingua:slovacco
Pubblicazione: 2025
Soggetti:
Accesso online:http://is.stuba.sk/zp/portal_zp.pl?podrobnosti=167319
CRZP
Tags: Aggiungi Tag
Nessun Tag, puoi essere il primo ad aggiungerne!!

MARC

LEADER 00000ntm a22000003a 4500
001 stuzp104700
003 SK-STU
005 20250729141147.2
007 ta
008 150427s2015----xo-----f-mn---000-0-slo-d
040 |a STU  |b slo 
041 0 |a slo 
100 1 |a Mihálková, Hana  |u 010310  |4 aut  |U SvF Stavebná fakulta  |T SvF Katedra architektúry  |X 114693  |U V181|V310  |Y 19  |7 114693 
242 0 1 |a The area of ​​family farming today in the Orava region  |y eng 
245 1 0 |a Areál rodinného hospodárstva súčasnosti v regióne Orava 
260 |c 2025 
650 4 |a rodinné hospodárstvo  |2 slo 
650 4 |a Orava  |2 slo 
650 4 |a vernakulárna architektúra  |2 slo 
650 4 |a archetyp  |2 slo 
650 4 |a kultúrna identita  |2 slo 
650 4 |a family farmstead  |2 eng 
650 4 |a Orava  |2 eng 
650 4 |a vernacular architecture  |2 eng 
650 4 |a archetype  |2 eng 
650 4 |a cultural identity  |2 eng 
700 1 |a Bránický, Filip  |u 010310  |k Z1  |4 ths  |U SvF Stavebná fakulta  |T SvF Katedra architektúry  |X 49264  |U V181|V310  |Y 19  |7 A000049264 
856 4 |u http://is.stuba.sk/zp/portal_zp.pl?podrobnosti=167319 
856 4 |u https://opac.crzp.sk/?fn=detailBiblioForm&sid=C9A1C75A261DD259FC88401E26A3  |z CRZP